| 000 | 01018cam a22002895i 4500 | ||
|---|---|---|---|
| 999 |
_c28875 _d28846 |
||
| 001 | 4554606 | ||
| 003 | EG-ScBUE | ||
| 005 | 20200928140730.0 | ||
| 008 | 720322t19711971enkab f b 001 0 eng d | ||
| 020 | _a0713516755 | ||
| 040 |
_aDLC _beng _erda _cDLC _dDLC _dEG-ScBUE |
||
| 082 | 0 | 4 |
_a301.36 _bJOH _222 |
| 100 | 1 |
_aJohnston, R. J. _q(Ronald John) _eauthor. |
|
| 245 | 1 | 0 |
_aUrban residential patterns : _ban introductory review / _cR. J. Johnston, M. A., Ph. D, Senior Lecturer in Geography, University of Canterbury, Christchurch, New Zealand. |
| 264 | 1 |
_aLondon : _bG. Bell and Sons LTD, _c[1971] |
|
| 264 | 4 | _cc1971 | |
| 300 |
_a383 pages : _billustrations, maps ; _c23 cm |
||
| 336 |
_atext _btxt _2rdacontent |
||
| 337 |
_aunmediated _bn _2rdamedia |
||
| 338 |
_avolume _bnc _2rdacarrier |
||
| 504 | _aIncludes bibliographical references and index. | ||
| 650 | 7 |
_aHousing. _2BUEsh |
|
| 650 | 7 |
_aCities and towns. _2BUEsh |
|
| 650 | 7 |
_aSociology, Urban. _2BUEsh |
|
| 653 |
_bGGEN _cSeptember2020 |
||
| 942 |
_2ddc _cBB |
||